000 00708nam a22001697a 4500
999 _c332233
_d332233
003 NUST
005 20171121093823.0
008 171121b xxu||||| |||| 00| 0 eng d
040 _a0
_c0
082 _a891.43915 MAL
_bMAL 2015
100 _aMalik, Nadeem Shafiq
_9336
245 _aGlobal Imprints & Appreciation of Allama Iqbal
_cCompiled & Edited by Dr. Nadeem Shafiq Malik
260 _aLahore
_bFiction House
_c2015
300 _a223p.
_bHB
_c24 cm
500 _aH.B
650 _aAllama Iqbal
_96575
942 _2ddc
_cBK
_kIESE